| 000 -LEADER |
| fixed length control field |
01394cam a2200385 a 4500 |
| 001 - CONTROL NUMBER |
| control field |
16054583 |
| 003 - CONTROL NUMBER IDENTIFIER |
| control field |
OSt |
| 005 - DATE AND TIME OF LATEST TRANSACTION |
| control field |
20241119160534.0 |
| 008 - FIXED-LENGTH DATA ELEMENTS--GENERAL INFORMATION |
| fixed length control field |
100114s2009 enk d 000 0 eng |
| 010 ## - LIBRARY OF CONGRESS CONTROL NUMBER |
| LC control number |
2010290441 |
| 015 ## - NATIONAL BIBLIOGRAPHY NUMBER |
| National bibliography number |
GBA930063 |
| Source |
bnb |
| 016 7# - NATIONAL BIBLIOGRAPHIC AGENCY CONTROL NUMBER |
| Record control number |
014937094 |
| Source |
Uk |
| 020 ## - INTERNATIONAL STANDARD BOOK NUMBER |
| International Standard Book Number |
9780198005940 (pbk.) |
| 020 ## - INTERNATIONAL STANDARD BOOK NUMBER |
| International Standard Book Number |
0198005946 (pbk.) |
| 035 ## - SYSTEM CONTROL NUMBER |
| System control number |
(OCoLC)ocn317251455 |
| 040 ## - CATALOGING SOURCE |
| Original cataloging agency |
UKM |
| Transcribing agency |
UKM |
| Modifying agency |
BRL |
| -- |
BWKUK |
| -- |
BWK |
| -- |
VP@ |
| -- |
DLC |
| -- |
KH8 |
| 041 0# - LANGUAGE CODE |
| Language code of text/sound track or separate title |
eng |
| -- |
chi |
| 042 ## - AUTHENTICATION CODE |
| Authentication code |
lccopycat |
| 082 04 - DEWEY DECIMAL CLASSIFICATION NUMBER |
| Classification number |
495.1321 OXF |
| Edition number |
22 |
| 245 00 - TITLE STATEMENT |
| Title |
Pocket Oxford Chinese dictionary : |
| Remainder of title |
English-Chinese, Chinese-English / |
| Statement of responsibility, etc. |
monolingual English text edited by Martin H. Manser ; English-Chinese dictionary edited and translated by Zhu Yuan, Wang Liangbi, Ren Yongchang ; Chinese-English dictionary edited by Wu Jingrong ... [et al.].. |
| 250 ## - EDITION STATEMENT |
| Edition statement |
4th ed. |
| 260 ## - PUBLICATION, DISTRIBUTION, ETC. |
| Place of publication, distribution, etc. |
Oxford ; |
| -- |
New York : |
| Name of publisher, distributor, etc. |
Oxford University Press/Commercial Press, |
| Date of publication, distribution, etc. |
2009. |
| 300 ## - PHYSICAL DESCRIPTION |
| Extent |
633 pages ; |
| Dimensions |
20 cm. |
| 500 ## - GENERAL NOTE |
| General note |
Previous ed.: 2003. |
| 500 ## - GENERAL NOTE |
| General note |
"Plus Writing Guide with Useful phrases"--Cover. |
| 546 ## - LANGUAGE NOTE |
| Language note |
Text in English and Chinese. |
| 650 #0 - SUBJECT ADDED ENTRY--TOPICAL TERM |
| Topical term or geographic name entry element |
Chinese language |
| Form subdivision |
Dictionaries |
| General subdivision |
English. |
| 650 #0 - SUBJECT ADDED ENTRY--TOPICAL TERM |
| Topical term or geographic name entry element |
English language |
| Form subdivision |
Dictionaries |
| General subdivision |
Chinese. |
| 700 1# - ADDED ENTRY--PERSONAL NAME |
| Personal name |
Manser, Martin H. |
| 700 1# - ADDED ENTRY--PERSONAL NAME |
| Personal name |
Zhu, Yuan. |
| 700 1# - ADDED ENTRY--PERSONAL NAME |
| Personal name |
Wang, Liangbi. |
| 700 1# - ADDED ENTRY--PERSONAL NAME |
| Personal name |
Ren, Yongchang. |
| 700 1# - ADDED ENTRY--PERSONAL NAME |
| Personal name |
Wu, Jingrong. |
| 942 ## - ADDED ENTRY ELEMENTS (KOHA) |
| Source of classification or shelving scheme |
|
| Koha item type |
Reference |